A culture for democracy: mass communication and the cultivated mind in Britain between the wars (Record no. 39291)

MARC details
000 -LEADER
fixed length control field 00771nam a2200181 a 4500
008 - FIXED-LENGTH DATA ELEMENTS--GENERAL INFORMATION
fixed length control field 120416s1988 ||||||||||||||||| || u
020 ## - INTERNATIONAL STANDARD BOOK NUMBER
International Standard Book Number 0198201370
050 ## - LIBRARY OF CONGRESS CALL NUMBER
Classification number P 92.G7 Lem
100 ## - MAIN ENTRY--PERSONAL NAME
Personal name LeMahieu, D. L., 1945-
245 12 - TITLE STATEMENT
Title A culture for democracy: mass communication and the cultivated mind in Britain between the wars
260 ## - PUBLICATION, DISTRIBUTION, ETC.
Place of publication, distribution, etc. Oxford:
Name of publisher, distributor, etc. Clarendon
Date of publication, distribution, etc. 1988
300 ## - PHYSICAL DESCRIPTION
Extent xii, 396p. : ill.
350 ## - PRICE (NR) (BK AM CF MU VM SE) [OBSOLETE]
Price 0.00
650 ## - SUBJECT ADDED ENTRY--TOPICAL TERM
Topical term or geographic name entry element MASS MEDIA--GREAT BRITAIN--HISTORY-20TH CENTURY
650 ## - SUBJECT ADDED ENTRY--TOPICAL TERM
Topical term or geographic name entry element GREAT BRITAIN--SOCIAL LIFE AND CUSTOMS-1918-1945
650 ## - SUBJECT ADDED ENTRY--TOPICAL TERM
Topical term or geographic name entry element POPULAR CULTURE--GREAT BRITAIN--HISTORY-20TH CENTURY
995 ## - RECOMMENDATION 995 [LOCAL, UNIMARC FRANCE]
-- 0.00
-- CBU-MAIN LIBRARY (Kitwe)
-- 1
-- 40.00
-- 1
-- AVAILABLE
-- Annex Low-Usage Collection
Holdings
Withdrawn status Lost status Source of classification or shelving scheme Damaged status Not for loan Home library Current library Shelving location Date acquired Total Checkouts Full call number Barcode Date last seen Price effective from Koha item type
          CBU-MAIN LIBRARY, KITWE. CBU-MAIN LIBRARY, KITWE.   11/30/2022   P 92.G7 Lem 010429 11/30/2022 11/30/2022 MONOGRAPH